Ενάντια στη μέθοδο : για μια αναρχική θεωρία της γνώσης
Αποθηκεύτηκε σε:
| Κύριος συγγραφέας: | |
|---|---|
| Άλλοι συγγραφείς: | , |
| Μορφή: | Βιβλίο |
| Γλώσσα: | Greek English |
| Δημοσίευση: |
Αθήνα :
Σύγχρονα Θέματα,
c1975.
|
| Έκδοση: | 2η έκδ. |
| Σειρά: | Προβλήματα μεθόδου και εξέλιξης της επιστήμης ;
2 |
| Θέματα: | |
| Ετικέτες: |
Προσθήκη ετικέτας
Δεν υπάρχουν, Καταχωρήστε ετικέτα πρώτοι!
|
MARC
| LEADER | 00000cam a2200000 i 4500 | ||
|---|---|---|---|
| 001 | 1/46969 | ||
| 008 | 930914s1975 gr | ||| |||| ||gre|| | ||
| 035 | |a ΛΕΣΒΟΣb10000926 |l 10026416 | ||
| 040 | |a GR-MyUA |b gre |e AACR2 | ||
| 041 | 1 | |a gre |h eng | |
| 082 | 0 | |a 121 | |
| 100 | 1 | |a Feyerabend, Paul, |d 1924-1994. | |
| 245 | 1 | 0 | |a Ενάντια στη μέθοδο : |b για μια αναρχική θεωρία της γνώσης / |c Paul K. Feyerabend ; μετάφραση Γρ. Καυκαλάς, Γ. Γκουνταρούλης ; εισαγωγή, επιμέλεια Γ. Γκουνταρούλης. |
| 250 | |a 2η έκδ. | ||
| 260 | |a Αθήνα : |b Σύγχρονα Θέματα, |c c1975. | ||
| 300 | |a 337 σ. : |b εικ. ; | ||
| 490 | 1 | |a (Προβλήματα μεθόδου και εξέλιξης της επιστήμης |v ; 2) | |
| 500 | |a Τίτλος πρωτοτύπου: Against method. | ||
| 650 | 0 | 0 | |a Knowledge, Theory of. |
| 650 | 0 | 0 | |a Science |x Philosophy. |
| 700 | 1 | |a Γκουνταρούλης, Γιώργος, |e edt |e trl | |
| 700 | 1 | |a Καυκαλάς, Γρηγόρης, |e trl | |
| 830 | 0 | |a Προβλήματα μεθόδου και εξέλιξης της επιστήμης ; |v 2 | |
| 852 | |a INST |b CHIOS |e 19980114 |h 121 FEY |p 005200010119 |q 005200010119 |t BK |y 0 | ||
| 852 | |a INST |b LESVOS |e 19931124 |h 121 FEY |p 005100003856 |q 005100003856 |t BK |y 0 | ||
| 852 | |a INST |b LESVOS |e 19930914 |h 121 FEY |p 005100003857 |q 005100003857 |t BK |y 0 | ||
| 852 | |a INST |b LESVOS |e 19930914 |h 121 FEY |p 005100003858 |q 005100003858 |t BK |y 0 | ||
| 852 | |a INST |b LESVOS |e 19931124 |h 121 FEY |p 005100003859 |q 005100003859 |t BK |y 0 | ||
| 852 | |a INST |b LESVOS |e 19931124 |h 121 FEY |p 005100003860 |q 005100003860 |t BK |y 0 | ||
| 852 | |a INST |b LESVOS |e 19930914 |h 121 FEY |p 005100003861 |q 005100003861 |t BK |y 0 | ||
| 852 | |a INST |b LESVOS |e 19930914 |h 121 FEY |p 005100006628 |q 005100006628 |t BK |y 0 | ||
| 901 | |a BIBL-1998-1 | ||
| 909 | |a Χ |b 052846 | ||
| 909 | |a Λ |b 028543 | ||
| 922 | |a 2ΕΛΗ |b 199712 |c ΣΕΡΕΜΕΤΗΣ |d EMVASIS | ||